LIBRARY & INFORMATION CENTRE, KCAET, TAVANUR

ONLINE PUBLIC ACCESS CATALOGUE (OPAC)

History of modern criticism:1750-1950:the later eighteenth century / (Record no. 12846)

MARC details
000 -LEADER
fixed length control field 00397cam a2200145ua 4500
041 ## - LANGUAGE CODE
Language code of text/sound track or separate title eng
082 ## - DEWEY DECIMAL CLASSIFICATION NUMBER
Classification number 828.09
Item number WEL/HI
100 ## - MAIN ENTRY--AUTHOR NAME
Personal name Wellek, Rene .
245 ## - TITLE STATEMENT
Title History of modern criticism:1750-1950:the later eighteenth century /
260 ## - PUBLICATION, DISTRIBUTION, ETC. (IMPRINT)
Place of publication London :
Name of publisher Jonathan Cape ,
Year of publication 1955.
300 ## - PHYSICAL DESCRIPTION
Number of Pages 358 ; .
942 ## - ADDED ENTRY ELEMENTS (KOHA)
Koha item type Books
Holdings
Withdrawn status Lost status Damaged status Home library Current library Date acquired Full call number Accession Number Koha item type
Withdrawn     KAUAET Sanskrit University 07/04/2012 828.09 11624 Books
free website counter